000 00543nam a2200133Ia 4500
008 220620s9999||||xx |||||||||||||| ||und||
100 _aPal, Rozalia||Durante, Elena||Ferrando, Annalisa
245 0 _aEIB Working Papers 2019/03 - Financing and obstacles for high growth enterprises
_bThe European case (Volume 2019/3)
546 _aEnglish[eng]
650 _aBusiness & Economics||Finance||General
700 _aEuropean Investment Bank
856 _uhttps://library.oapen.org/bitstream/20.500.12657/43402/1/external_content.pdf
942 _cEB
999 _c26880
_d26880